La ciudad sin laura. el buque /

Guardado en:
Autor Principal: Bernárdez, Francisco Luis
Otros Autores: Roffé, Mercedes, pról.
Formato: Libro
Publicado: Buenos Aires : Losada, 2014
Series:Poesía
Materias:
Etiquetas: Agregar Etiqueta
Sin Etiquetas, Sea el primero en etiquetar este registro!
LEADER 01053nam a22002775a 4500
001 CEM.cems018448
008 130507s2014##################000#0#####d
005 20220208111415.0
003 CEMS
245 1 0 |a La ciudad sin laura. el buque /  |c Francisco Luis Bernárdez ; estudio Preliminar y Notas de Mercedes Roffé 
260 |a Buenos Aires :  |b Losada,  |c 2014 
300 |a 104 p. 
490 0 |a Poesía 
505 0 |a La ciudad sin Laura -- Soneto del amor milagroso -- La noche -- Soneto del amor unitivo -- Romance -- Soneto del amor victorioso -- Estar enamorado -- Soneto lejano -- El buque 
020 |a 9789500372190 
100 1 |a Bernárdez, Francisco Luis 
700 1 |a Roffé, Mercedes, pról. 
082 0 4 |a A861.6 
653 |a Literatura 
653 |a Literatura argentina 
653 |a Poesías 
653 |a Poesía argentina 
653 |a Colección Juan Gelman 
653 |a Biblioteca Juan Gelman 
859 |a CEMS  |b BIB. CEMS - Agricultura  |h A861.6  |i B456  |p A2317.15  |t Ej.1 
859 |a CEMS  |b BIB. CEMS - 11 de abril  |h A861.4  |i B457-3  |p 27445.18  |t Ej.1